00756cam a22002411 4500001001300000003000400013005001700017008004100034010001700075035002000092040001800112050001900130245003600149260001100185300002700196500001400223500007700237504006500314600004500379700004500424700002800469999001700497sa 66006263 DLC20260227112255.0910610s1965 ii c b 000 0 hino  asa 66006263  a(OCoLC)23907629 aDLCcWaUdDLC00aDS435.7.K3bS200aSasṃskr̥ti ke parivrājaka. c[1965] a400 p.bports.c26 cm. aIn Hindi. aSelections from the works of Dattatraya Balkrishna Kalelkar: p. 195-389. aList of works of Dattatraya Balkrishna Kalalkar: p. 391-400.10aKalelkar, Dattatraya Balakrishna,d1885-1 aKalelkar, Dattatraya Balakrishna,d1885-0 aShriman Narayan,d1912- c70422d70422